000 00691nam a2200241Ia 4500
003 OSt
005 20220918175041.0
006 a|||||r|||| 00| 0
007 ta
008 220917b |||||||| |||| 00| 0 eng d
024 _a15,407
037 _cTextual
040 _aARTS
_cARTS
_beng
041 _2eng
_aeng
082 _aO111:gvN, M74
100 _aRylance Rick ed
_952690
245 0 _aDebating texts
_b A reader in twentieth century literary theory and method
260 _aMilton
_bKeynes Open Univ Press
_c1987
300 _axi,290p.
_ccm.
650 _aENGLISH LITERATURE
942 _hO111:gvN, M74
_cTEXL
_2CC
999 _c155811
_d155811